Detalles MARC
| 000 -CABECERA |
| campo de control de longitud fija |
01137nam a2200289 a 4500 |
| 001 - NÚMERO DE CONTROL |
| campo de control |
000011685 |
| 005 - FECHA Y HORA DE LA ÚLTIMA TRANSACCIÓN |
| campo de control |
20200929162528.0 |
| 008 - DATOS DE LONGITUD FIJA--INFORMACIÓN GENERAL |
| campo de control de longitud fija |
091023s1968 mx a 000 0 spa d |
| 040 ## - FUENTE DE LA CATALOGACIÓN |
| Centro catalogador/agencia de origen |
DO-SdBNP |
| Lengua de catalogación |
spa |
| Centro/agencia transcriptor |
BNPHU |
| 041 17 - CÓDIGO DE LENGUA |
| Código de lengua del texto/banda sonora o título independiente |
spa |
| Código de lengua original |
fre |
| Fuente del código |
Código de idioma MARC |
| 082 ## - NÚMERO DE LA CLASIFICACIÓN DECIMAL DEWEY |
| Número de clasificación |
923.1 |
| Número de documento/Ítem |
D476m, 1968 |
| 049 ## - FONDOS LOCALES (OCLC) |
| Fondos de biblioteca |
BNGR |
| 100 1# - ENTRADA PRINCIPAL--NOMBRE DE PERSONA |
| Nombre de persona |
Desternes, Suzanne |
| 9 (RLIN) |
27692 |
| 240 10 - TÍTULO UNIFORME |
| Título uniforme |
maximilien et charlotte |
| Lenguaje de la obra |
español |
| 245 10 - MENCIÓN DE TÍTULO |
| Título |
Maximiliano y carlota / |
| Mención de responsabilidad, etc. |
Suzanne Desternes, Henriette Chandet ; traducción, Adolfo A. de Alba. |
| 250 ## - MENCIÓN DE EDICIÓN |
| Mención de edición |
2a ed. |
| 260 ## - PUBLICACIÓN, DISTRIBUCIÓN, ETC. |
| Lugar de publicación, distribución, etc. |
México : |
| Nombre del editor, distribuidor, etc. |
Diana, |
| Fecha de publicación, distribución, etc. |
1968. |
| 300 ## - DESCRIPCIÓN FÍSICA |
| Extensión |
461 p. : |
| Otras características físicas |
il. ; |
| Dimensiones |
22 cm. |
| 500 ## - NOTA GENERAL |
| Nota general |
Incluye notas al pie de las páginas |
| 504 ## - NOTA DE BIBLIOGRAFÍA, ETC. |
| Nota de bibliografía, etc. |
Bibliografía: p. 457-461 |
| 534 ## - NOTA SOBRE LA VERSIÓN ORIGINAL |
| Frase introductoria |
Título original en francés: |
| Mención de título del original |
maximilien et charlotte |
| Publicación, distribución, etc. del original |
París : Libraire Academique Perrin, 1964. |
| 600 14 - PUNTO DE ACCESO ADICIONAL DE MATERIA--NOMBRE DE PERSONA |
| Nombre de persona |
MAXIMILIANO, |
| Subdivisión general |
EMPERADOR DE MEXICO, |
| Subdivisión cronológica |
1832-1867 |
| Subdivisión general |
BIOGRAFÍAS |
| 9 (RLIN) |
27693 |
| 600 14 - PUNTO DE ACCESO ADICIONAL DE MATERIA--NOMBRE DE PERSONA |
| Nombre de persona |
CARLOTA, |
| Subdivisión general |
EMPERATRIZ, |
| -- |
CONSORTE DE MAXIMILIANO, |
| -- |
EMPERADOR DE MÉXICO |
| -- |
BIOGRAFÍAS |
| 9 (RLIN) |
27694 |
| 700 1# - PUNTO DE ACCESO ADICIONAL--NOMBRE DE PERSONA |
| Nombre de persona |
Chandet, Henriette, |
| 9 (RLIN) |
27695 |
| 700 1# - PUNTO DE ACCESO ADICIONAL--NOMBRE DE PERSONA |
| Nombre de persona |
Alba, Adolfo A. de, |
| Término indicativo de función/relación |
tr. |
| 9 (RLIN) |
27696 |
| 910 ## - DATOS DE OPCIÓN DEL USUARIO (OCLC) |
| Datos de opción del usuario |
Catalogación Original |